000 00592nam a22002537a 4500
003 UA-OsUOA
001 31211
007 ta
008 20041207b un ||||| |||| 00| 0 ukr d
100 _aЄфремов С. О.
090 _a82.09
_bЄ-92
942 _cBK
040 _aUA-OsUOA
_bukr
_cUA-OsUOA
_dUA-OsUOA
245 _aЛітературно-критичні статті
300 _a351 с.
955 _a0
041 _aukr
080 _a82.09
020 _a5-308-01261-Х
260 _aКиїв
_bДніпро
_c1993
044 _aUA
650 7 _2UDC
999 _c317633
_d317633